Statistics for 100 Most Common English Words Quiz

Click here to take the quiz!

General Stats

  • This quiz has been taken 507,302 times
  • The average score is 40 of 100

Answer Stats

Rank Word % Correct
6A
97%
1The
96%
10I
96%
2Be
91%
16He
89%
18You
82%
32An
81%
30She
80%
27We
78%
56No
76%
3To
75%
19Do
74%
26They
71%
49Go
71%
29Her
69%
11It
69%
14On
68%
50Me
66%
5And
66%
7In
65%
40What
62%
51When
62%
38There
58%
39Their
56%
4Of
54%
12For
54%
46Who
54%
8That
53%
41So
53%
85How
52%
68Them
52%
53Can
51%
64Your
50%
13Not
49%
100Us
47%
9Have
47%
34My
47%
23His
46%
21This
46%
58Him
45%
17As
44%
35One
43%
24By
42%
84Two
41%
42Up
41%
72Then
41%
20At
41%
22But
39%
33Will
39%
69See
38%
86Our
37%
54Like
36%
44If
36%
43Out
35%
36All
35%
31Or
34%
37Would
32%
15With
31%
94Because
31%
25From
31%
67Could
31%
28Say
30%
71Than
28%
65Good
28%
78Over
26%
76Come
26%
47Get
25%
97Give
24%
98Day
24%
55Time
24%
66Some
23%
99Most
23%
93Want
22%
73Now
22%
60Take
21%
77Its
21%
59Know
20%
96These
20%
52Make
20%
74Look
17%
48Which
17%
79Think
17%
57Just
16%
82After
16%
45About
16%
95Any
15%
89Well
14%
62Into
14%
61People
14%
90Way
13%
92New
13%
87Work
13%
80Also
13%
88First
12%
81Back
11%
63Year
11%
70Other
11%
91Even
10%
83Use
10%
75Only
10%

Score Distribution

Percentile by Number Answered

Percent of People with Each Score

Your Score History

You have not taken this quiz